Палечко (Запис номер 51986)
[ съкратено ]
| 000 -Лидер | |
|---|---|
| Контролно поле с фиксирана дължина | 01526nam a2200373 c 4500 |
| 003 - Код на организацията, давaща контролен номер | |
| Контролно поле | BLK |
| 005 - Дата и час на последна редакция | |
| Контролно поле | 20180422101621.0 |
| 008 - Елементи от данни с фиксирана дължина | |
| fixed length control field | 180408b bul|||||r ||||||| ||bul|| |
| 010 ## - Наследен системен номер | |
| LC control number | KNG00055901000 |
| 020 ## - Международен стандартен номер на книга ISBN | |
| Международен стандартен номер на книга ISBN | 954-308-069-0 |
| -- | издат.: Прес |
| 040 ## - Източник на каталожния запис | |
| Идентификатор на билиотеката - собственик на записа | BLK |
| 041 ## - Код за език | |
| Код за езика на текст/звукозапис или на отделно заглавие | Български |
| Код за езика КДБФ | Български |
| 080 ## - УДК | |
| Текстов определител УДК | Немска литература |
| УДК код - определител по УДК | 821.112.2 |
| УДК определител | -93-91 |
| УДК - код + определител | 821.112.2-93-91 |
| 139 ## - Редно поле | |
| Редна дума | Палечко |
| Авторски знак | Пал - П 15 |
| 245 10 - Сведения за заглавието | |
| Заглавие | Палечко |
| Редно поле (дума) | по Братя Грим; адапт. Андре Сикоев; адапт. Клаус Клаусен; адапт. Стефан Бейтен; прев. Вера Андреева. |
| 257 ## - Страна на издаване | |
| Страна на създаване/издаване | Германия |
| 260 ## - Област на издателските данни | |
| -- | София |
| Име на издателя, разпространителя и проч. | Прес |
| Година на издаване | 2004 |
| Печатница | Пловдив : Делта+ |
| 300 ## - Физическа характеристика | |
| Страници | 24 с. |
| Илюстрации и др. | с цв. ил. |
| Размери/Мащаб | 20Х20 см |
| 380 ## - Жанр | |
| Жанр | Детска худож. лит. |
| 490 1# - СЕРИИ (Колекции) | |
| Име на серия | Кристали |
| №: серия | 11 |
| 500 ## - Общи забележки | |
| Забележка | Ориг. загл. Tom Thimb / by Andre Sikojev, Claus Clausen, Stefan Beiten. - Офс. изд.Из Simsala Grimm - Вълшебните приказки на Братя Грим |
| 653 ## - Ключова дума – ненормативна | |
| Ключова дума | приказки |
| 653 ## - Ключова дума – ненормативна | |
| Ключова дума | адаптирани книги |
| 700 1# - Други автори (авторска отговорност) | |
| Лично име | Братя Грим |
| Автороска отговорност (Описва отношението между автора и произведението) | по |
| 9 (RLIN) | 368076 |
| 700 1# - Други автори (авторска отговорност) | |
| Лично име | Сикоев, Андре |
| Автороска отговорност (Описва отношението между автора и произведението) | адапт. |
| 9 (RLIN) | 120145 |
| 700 1# - Други автори (авторска отговорност) | |
| Лично име | Клаусен, Клаус |
| Автороска отговорност (Описва отношението между автора и произведението) | адапт. |
| 9 (RLIN) | 79616 |
| 700 1# - Други автори (авторска отговорност) | |
| Лично име | Бейтен, Стефан |
| Автороска отговорност (Описва отношението между автора и произведението) | адапт. |
| 9 (RLIN) | 37517 |
| 700 1# - Други автори (авторска отговорност) | |
| Лично име | Андреева, Вера |
| Автороска отговорност (Описва отношението между автора и произведението) | прев. |
| 9 (RLIN) | 280236 |
| 852 ## - Местоположение | |
| Форматна сигнатура | Цб 225048 |
| 856 4# - Електронен адрес и достъп | |
| Електронен формат | pdf - файл |
| Път до файла /url/ | |
| 856 4# - Електронен адрес и достъп | |
| Електронен формат | pdf - файл |
| Път до файла /url/ | |
| 942 ## - АРТИКУЛИ | |
| Вид на библиотечния материал | Книги |
| Скрит в OPAC | Не |
| 944 ## - СЪЗДАВАНЕ И РЕДАКЦИЯ на ЗАПИСА | |
| Създаване/Редакция | Създаване |
| Дата на регистрацията/редакция | 12.10.2005 |
| Служител, извършил регистрацията/редакцията | Геновева_Генчева |
| 944 ## - СЪЗДАВАНЕ И РЕДАКЦИЯ на ЗАПИСА | |
| Създаване/Редакция | Редакция |
| Дата на регистрацията/редакция | 02.11.2005 |
| Служител, извършил регистрацията/редакцията | |
| 999 ## - СИСТЕМНИ КОНТРОЛНИ НОМЕРА | |
| Koha biblionumber | 51986 |
| Koha biblioitemnumber | 51986 |
| Код за отписване | Код за изгубен артикул | Код за повреда | Коз за рестрикции | Код за отдаване | Артикулен № | Име на библиотеката - собственик | Име на библиотеката, в която се намира в момента | Статус (Текущо местоположение) | Дата на вписване в системата | Местоположение - отдел | Цена в лева | Инвентарен номер | Систематично азбучна сигнатура | Баркод | Номер на екземпляра | Цена в евро | Служебна бележка | Служебен тип на артикула |
|---|---|---|---|---|---|---|---|---|---|---|---|---|---|---|---|---|---|---|
| Не е изгубен | Не е повреден | без рестрикции | ползва се в читалня | 81954 | Регионална библиотека "Любен Каравелов" Русе | Регионална библиотека "Любен Каравелов" Русе | Хранилище | 2005-10-12 | Хранилище | 1.49 | 120000697247 | Цб 225048 | 120000697247 | 1 | 0.76 | Дост: Dp Вид: Д N: 41 Дата: 28.09.2004 | Книги |